LEADER 01517nam0 2200373 450 001 000037311 005 20140821134210.0 010 $a88-11-67409-3 100 $a20140709d1990----km-y0itaa50------ba 101 0 $aita 102 $aIT 200 1 $a<> fortezza vuota$el'autismo infantile e la nascita del sé$fBruno Bettelheim$g[traduzione dall'inglese di Anna Maria Pandolfi] 210 $a[Milano]$cGarzanti$d1990 215 $a526 p., tav.$cill.$d19 cm 225 2 $a<> elefanti$iSaggi 300 $aSulla copertina: Il dramma dell'autismo infantile in un'analisi ormai classica. Tre casi clinici che hanno il fascino delle grandi narrazioni. 410 0$12001$a<> elefanti$1Saggi 454 1$12001$a<> Empty Fortress$927164 606 1 $aAutismo$xInfanzia 676 $a616.8982$v(22. ed.)$9Disturbi psichici. Schizofrenia e autismo 700 1$aBettelheim,$bBruno$0126586 702 1$aPandolfi,$bAnna Maria 801 0$aIT$bUniversità della Basilicata - B.I.A.$gREICAT$2unimarc 912 $a000037311 996 $aEmpty Fortress$927164 997 $aUNIBAS BAS $aLETTERE CAT $aEXT017$b01$c20140709$lBAS01$h0817 CAT $aEXT017$b01$c20140709$lBAS01$h0818 CAT $aEXT017$b01$c20140709$lBAS01$h0825 CAT $aEXT017$b01$c20140710$lBAS01$h0742 CAT $aTTM$b30$c20140821$lBAS01$h1342 FMT Z30 -1$lBAS01$LBAS01$mBOOK$1BASA1$APolo Storico-Umanistico$2DSLF$BCollezione DiSLF$3DF/E349$6457$5F457$820140709$f04$FPrestabile Didattica